000 00663nam a2200205Ia 4500
003 GCL
008 140319s9999 xx 000 0 ara d
040 _aGCL /
_cGCL
082 0 4 _a842
_bد ش
100 1 _aديفينى، الفريد
245 1 0 _aشاترتون: مأساه من ثلاثة فصول /
_cديفينى، الفريد
700 1 _aحسن نديم (مترجم)
700 1 _aعبدالحميد الدواخلى
300 _a144 ص
490 _aروائع المسرح العالمى
_v0
650 0 4 _aالمسرح الفرنسى
650 0 4 _aالادب الفرنسى
650 0 4 _aالمسرحيات الفرنسية
942 _2ddc
_cBK
999 _c38220
_d38220